Rozvojové aspekty cestovného ruchu v SR v etape globalizácie

Pohľad na doterajší vývoj cestovného ruchu v SR. Tendencie ku globalizácii cestovného ruchu.

Enregistré dans:
Détails bibliographiques
Auteur principal: Sniščák, Vincent
Format: Chapitre de livre
Langue:slovaque
Sujets:
Tags: Ajouter un tag
Pas de tags, Soyez le premier à ajouter un tag!

MARC

LEADER 00000naa$a2200000$$$4500
001 0040752
005 20240502071509.0
041 0 |a slo 
044 |a SK 
245 1 0 |a Rozvojové aspekty cestovného ruchu v SR v etape globalizácie  |c Vincent Sniščák 
520 |a Pohľad na doterajší vývoj cestovného ruchu v SR. Tendencie ku globalizácii cestovného ruchu. 
610 2 0 |a ruch cestovný 
610 2 0 |a ruch cestovný domáci 
610 2 0 |a Slovensko 
610 2 0 |a história 
610 2 0 |a publicistika 
610 2 0 |a odbory študijné 
610 2 0 |a Ekonomická univerzita v Bratislave 
100 1 |a Sniščák, Vincent